| 000 | 01785cam a2200421 a 4500 | ||
|---|---|---|---|
| 001 | 9306 | ||
| 003 | FISKH | ||
| 005 | 20260401095848.0 | ||
| 008 | 020822s2005 nyu b 000 1 eng | ||
| 010 | _a 2002013226 | ||
| 020 | _a9780803728608 | ||
| 020 | _a9780545271516 | ||
| 035 | _a12903078 | ||
| 040 |
_aDLC _cDLC _dDLC _beng |
||
| 050 | 0 | 0 |
_aPZ7.W3535 _bFr 2005 |
| 082 | _a323.1196 | ||
| 100 | 1 |
_aWeatherford, Carole Boston, _d1956- |
|
| 245 | 1 | 0 |
_aFreedom on the menu : _bthe Greensboro sit-ins / _cby Carole Boston Weatherford ; paintings by Jerome Lagarrigue. |
| 260 |
_aNew York : _bScholastic, _c2005. |
||
| 300 |
_a32 unnumbered pages : _bcolor illustrations ; _c23 x 26 cm. |
||
| 505 | _aR | ||
| 520 | _aThe 1960 civil rights sit-ins at the Woolworth's lunch counter in Greensboro, North Carolina, are seen through the eyes of a young Southern black girl. | ||
| 521 | 8 |
_a660
_bLexile AD |
|
| 521 | 8 |
_aR
_bRaz-Plus |
|
| 650 | 0 |
_aAfrican Americans _zNorth Carolina _zGreensboro _vJuvenile fiction. |
|
| 650 | 0 | _aGreensboro Sit-ins, Greensboro, N.C., 1960. | |
| 650 | 1 |
_aAfrican Americans _vFiction. |
|
| 650 | 1 |
_aCivil rights demonstrations _vFiction. |
|
| 651 | 1 |
_aGreensboro (N.C.) _xRace relations _vFiction. |
|
| 655 | 7 |
_aFiction. _2lcgft _0https://id.loc.gov/authorities/genreForms/gf2014026339 |
|
| 655 | 7 |
_aFiction. _2lcgft _0https://id.loc.gov/authorities/genreForms/gf2014026339 |
|
| 700 | 1 |
_aLagarrigue, Jerome, _eillustrator |
|
| 856 | 4 | 2 |
_3Publisher description _uhttp://www.loc.gov/catdir/enhancements/fy0720/2002013226-d.html |
| 856 | 4 | 2 |
_3Contributor biographical information _uhttp://www.loc.gov/catdir/enhancements/fy1203/2002013226-b.html |
| 906 |
_a7 _bcbc _corignew _d1 _eecip _f20 _gy-gencatlg |
||
| 942 |
_2ddc _cBK _n0 |
||
| 999 |
_c9306 _d9306 |
||